00370 a2200109 4500001001000000005001700010008004100027245009000068100002600158773005900184999001700243ART_2393520260410161932.0260409a 10aEl estado nacional y la empresa privada en la selección de proyectos de inversión1 aHoussay, Emilio I. J.0 tInformeg- Año VI, Nº 42 (oct./dic. 1974)wREV23765 c28738d28738